LIBRARY & INFORMATION CENTRE, KCAET, TAVANUR

ONLINE PUBLIC ACCESS CATALOGUE (OPAC)

Basic mathematics / (Record no. 9884)

MARC details
000 -LEADER
fixed length control field 00548cam a2200241ua 4500
041 ## - LANGUAGE CODE
Language code of text/sound track or separate title eng
082 ## - DEWEY DECIMAL CLASSIFICATION NUMBER
Classification number 510.1
Item number MOO/BA
100 ## - MAIN ENTRY--AUTHOR NAME
Personal name Moothedan , T .
245 00 - TITLE STATEMENT
Title Basic mathematics /
250 ## - EDITION STATEMENT
Edition statement 1 /
260 ## - PUBLICATION, DISTRIBUTION, ETC. (IMPRINT)
Place of publication Calicut :
Name of publisher University books.
300 ## - PHYSICAL DESCRIPTION
Number of Pages 101 ; .
942 ## - ADDED ENTRY ELEMENTS (KOHA)
Koha item type Books
Holdings
Withdrawn status Lost status Damaged status Home library Current library Date acquired Full call number Accession Number Koha item type
      KAUAET KAUAET 07/04/2012 510.1 12507 Books
    Damaged KAUAET KAUAET 07/04/2012 510.1 12513 Books
      KAUAET KAUAET 07/04/2012 510.1 12512 Books
      KAUAET KAUAET 07/04/2012 510.1 12506 Books
    Damaged KAUAET KAUAET 07/04/2012 510.1 12514 Books
Withdrawn     KAUAET Sanskrit University 07/04/2012 510.1 12517 Books
free website counter